000 02079nam a22004452 4500
001 0000020870
005 20151217154447.0
008 111025s xx 000 0 eng d
020 _a9966744800 :
040 _aKABU
_cKABU
100 1 _aKanyeihamba, GW.
_@0000181505
245 1 0 _aConstitutional and political history of Uganda from 1894 to the present /
_cGW Kanyeihamba.
250 _a2nd ed.
260 _aNairobi :
_bLawAfrica,
_c2010.
300 _axiii, 329 p.
650 0 _aConstitutional history
_zUganda.
_@0000181506
852 1 _9p1400 KES
852 1 _9p1400 KES
852 1 _9p1400 KES
852 1 _9p1400 KES
852 1 _9p1400 KES
852 1 _9p1400 KES
852 1 _9p1400 KES
852 1 _9p1400 KES
852 1 _9p1400 KES
852 1 _9p1400 KES
852 1 _9p1400 KES
852 1 _9p1400 KES
852 1 _9p1400 KES
852 1 _9p1400 KES
852 1 _9p1400 KES
852 1 _9p1400 KES
852 1 _9p1400 KES
852 1 _9p1400 KES
852 1 _9p1400 KES
852 1 _9p1400 KES
908 _a111025
950 _@1
999 _c11399
_d11399